000 00317nam a22001337a 4500
008 170529b xxu||||| |||| 00| 0 eng d
020 _a9780130814272
041 _aeng
080 _a624.14
100 _a27
101 _aIM
245 _aRAPID INTERPRETATION OF VENTILATORS WAVEFORMS
_cWAUGH, J.B
942 _2udc
_cBK
999 _c14731
_d14731